Estadísticas para 40 Personajes Históricos que Todos Deben Saber

Haz click aquí para tomar la prueba!

Estadísticas generales

  • Esta prueba ha sido tomada 11.842 veces
  • La puntuación promedio es 23 de 40

Estadísticas de respuestas

PistaPersona% Correcto
"Descubrió" el Nuevo MundoCristóbal Colón
93%
Mesías cristianoJesús
92%
Líder alemán durante la
Segunda Guerra Mundial
Adolf Hitler
89%
Pintó la "Mona Lisa"Leonardo da Vinci
88%
Famoso por su 5ta sinfoníaLudwig van Beethoven
88%
Escribió "Don Quijote"Miguel de Cervantes
82%
"Descubrió" la gravedadIsaac Newton
81%
Primer presidente de EE. UU.George Washington
80%
"Descubrió" la evoluciónCharles Darwin
79%
Publicó la teoría de la relatividadAlbert Einstein
74%
Dictador que dirigió España
por más de 40 años
Francisco Franco
74%
Comenzó la Reforma ProtestanteMartín Lutero
74%
Emperador francés, 1804-1815Napoleón
73%
Escribió "Hamlet"William Shakespeare
73%
Supuestamente escribió la IlíadaHomero
70%
Primer líder soviéticoVladímir Lenin
69%
Padre de la nación de la IndiaMohandas Gandhi
69%
Primer hombre en caminar en la lunaNeil Armstrong
67%
Llamado el Libertador de
América Latina
Simón Bolívar
67%
Primer Ministro del Reino Unido
durante la Segunda Guerra Mundial
Winston Churchill
65%
Co-autor más reconocido del
Manifesto Comunista
Karl Marx
65%
Fundador del islamMahoma
62%
Dió el discurso de "Yo tengo un sueño"Martin Luther King, Jr.
60%
Mujer francesa que dirigió tropas
en la guerra de los Cien Años
Juana de arco
56%
Presidente durante la
Guerra Civil de EE. UU.
Abraham Lincoln
51%
Griego que conquistó a PersiaAlejandro Magno
51%
Inventó la bombillaThomas Edison
51%
Conquistó el imperio AztecaHernán Cortés
47%
Inventó la prensa de imprentaJohannes Gutenberg
46%
Primera reina del Reino Unido en
reinar por más de 60 años
Reina Victoria
38%
Primera mujer en ser
primera ministra del Reino Unido
Margaret Thatcher
37%
Asesinado en los idus de marzoJulio César
35%
Su "Gran Salto Adelante"
mató a sobre 30 millones
Mao Zedong
34%
Dirigió sus elefantes sobre los AlpesAníbal
32%
Presidente del "New Deal"Franklin D. Roosevelt
26%
Rehusó dar su asiento de
autobús en Alabama
Rosa Parks
26%
"Descubrió" la costa al este de AustraliaJames Cook
23%
Aviadora que desapareció
sobre el Pacífico
Amelia Earhart
16%
"Lord Protector" de
Inglaterra, 1653-1658
Oliver Cromwell
11%
Primera sordociega en graduarse
de una universidad
Helen Keller
9%

Distribución de puntuación

Porcentaje por número respondido

Porcentaje de gente con cada puntuación

Historial de tus puntuaciones

No has tomado esta prueba